LIBRARY & INFORMATION CENTRE, KCAET, TAVANUR

ONLINE PUBLIC ACCESS CATALOGUE (OPAC)

Structural Engineering ,Part-l / (Record no. 2243)

MARC details
000 -LEADER
fixed length control field 00286cam a2200121ua 4500
082 ## - DEWEY DECIMAL CLASSIFICATION NUMBER
Classification number 624.171
Item number RAO/ ST
100 ## - MAIN ENTRY--AUTHOR NAME
Personal name Rao, J. K .
245 ## - TITLE STATEMENT
Title Structural Engineering ,Part-l /
250 ## - EDITION STATEMENT
Edition statement 4 /
260 ## - PUBLICATION, DISTRIBUTION, ETC. (IMPRINT)
Place of publication Bangalore :
Name of publisher Dixit & Co. ,
Year of publication 1967.
300 ## - PHYSICAL DESCRIPTION
Number of Pages 211 ; .
942 ## - ADDED ENTRY ELEMENTS (KOHA)
Koha item type Books
Holdings
Withdrawn status Lost status Damaged status Home library Current library Date acquired Full call number Accession Number Koha item type
Withdrawn   Damaged KAUAET KAUAET 07/04/2012 624.171 13225 Books
free website counter